[Event "Bunratty Masters 2009"]
[Site "Bunratty IRL"]
[Date "2009.02.21"]
[Round "2"]
[White "Jones, Gawain"]
[Black "Short, Philip"]
[Result "1-0"]
[WhiteTitle "GM"]
[BlackTitle "FM"]
[WhiteElo "2540"]
[BlackElo "2309"]
[WhiteNationality "ENG"]
[BlackNationality "IRL"]
[WhiteFideId "409561"]
[BlackFideId "2500086"]
[PlyCount "65"]
[EventDate "2009.02.20"]
[Source "TWIC 746"]

{ Event information: <a
href="http://www.irlchess.com/bunratty2009_allfiles/pairings_bunratty2009.html">Tournament
report</a>. }

1. e4 e5 2. Nf3 Nc6 3. d4 exd4 4. Nxd4 Nf6 5. Nxc6 bxc6 6. e5 Qe7 7. Qe2
Nd5 8. c4 Nb6 9. Nc3 Qe6 10. Qe4 Bb7 11. Bd3 O-O-O 12. O-O h6 13. Bf4 g5
14. Bg3 h5 15. h4 gxh4 16. Bxh4 Be7 17. c5 Nd5 18. Bxe7 Qxe7 19. Nxd5 cxd5
20. Qd4 Rdg8 21. Bf5 Rh6 22. f4 Kb8 23. Rf3 d6 24. exd6 cxd6 25. c6 Bxc6
26. Rc1 Qe2 27. Rf2 Qb5 28. Rc3 Bb7 29. Bh3 Qb6 30. Rd2 Qxd4+ 31. Rxd4 Re8
32. Rb4 Re4 33. Rc8# 1-0

[Event "Bunratty Masters 2009"]
[Site "Bunratty IRL"]
[Date "2009.02.21"]
[Round "2"]
[White "Kilpatrick, Callum"]
[Black "Osborne, Sam"]
[Result "1-0"]
[WhiteElo "2211"]
[BlackElo "2020"]
[BlackICU "2055"]
[WhiteNationality "ENG"]
[BlackNationality "IRL"]
[WhiteFideId "414425"]
[BlackFideId "2501791"]
[PlyCount "97"]
[EventDate "2009.02.20"]
[Source "TWIC 746"]

{ Event information: <a
href="http://www.irlchess.com/bunratty2009_allfiles/pairings_bunratty2009.html">Tournament
report</a>. }

1. e4 c5 2. Nf3 d6 3. d4 cxd4 4. Nxd4 Nf6 5. Nc3 a6 6. h3 e5 7. Nde2 h6 8.
g4 Be6 9. Bg2 Nbd7 10. O-O Be7 11. Be3 b5 12. Ng3 g6 13. Qd2 Nb6 14. Bxh6
Nc4 15. Qc1 Rc8 16. Nd5 Bxd5 17. exd5 Nb6 18. Bg7 Rh7 19. Bxf6 Bxf6 20. Ne4
Be7 21. Qd1 f5 22. Ng3 Qd7 23. Qd3 Rf7 24. f4 e4 25. Nxe4 fxe4 26. Bxe4 Kd8
27. Bxg6 Rf8 28. Rae1 Rc5 29. Be4 Na4 30. b3 Rc3 31. Qd2 Rxh3 32. bxa4
Qxg4+ 33. Bg2 Rfh8 34. Qa5+ Kd7 35. Rxe7+ Kxe7 36. Qc7+ Kf6 37. Qxd6+ Kg7
38. Qe7+ Kg8 39. Qe6+ Qxe6 40. dxe6 Rc3 41. axb5 axb5 42. f5 Kf8 43. f6 Rg8
44. Rd1 Rc8 45. Kf1 Rg6 46. e7+ Ke8 47. Bc6+ Kf7 48. e8=Q+ Rxe8 49. Bxe8+ {
... } 1-0

[Event "Bunratty Masters 2009"]
[Site "Bunratty IRL"]
[Date "2009.02.21"]
[Round "2"]
[White "Lopez, Alex"]
[Black "Baburin, Alexander"]
[Result "1/2-1/2"]
[WhiteTitle "FM"]
[BlackTitle "GM"]
[WhiteElo "2367"]
[BlackElo "2541"]
[WhiteICU "2377"]
[BlackICU "2536"]
[BlackClub "Kilkenny"]
[WhiteNationality "IRL"]
[BlackNationality "IRL"]
[WhiteFideId "2501430"]
[BlackFideId "2500914"]
[PlyCount "70"]
[EventDate "2009.02.20"]
[Source "TWIC 746"]

{ Event information: <a
href="http://www.irlchess.com/bunratty2009_allfiles/pairings_bunratty2009.html">Tournament
report</a>. }

1. e4 Nf6 2. e5 Nd5 3. c4 Nb6 4. d4 d6 5. exd6 exd6 6. h3 Be7 7. Nf3 O-O 8.
Bd3 Nc6 9. O-O Nb4 10. Nc3 Nxd3 11. Qxd3 Bf6 12. b3 a5 13. a4 c6 14. Bf4
Be6 15. Rfe1 d5 16. c5 Nd7 17. Bd6 Re8 18. Ne5 Bxe5 19. dxe5 f6 20. Qg3 Bf7
21. f4 b6 22. e6 Rxe6 23. Rxe6 Bxe6 24. f5 Bf7 25. Bc7 Qf8 26. cxb6 Qb4 27.
Rc1 Nxb6 28. Na2 Qd4+ 29. Qf2 Qxf2+ 30. Kxf2 Nd7 31. Rxc6 d4 32. Rd6 Nc5
33. Rxd4 Nxb3 34. Rd8+ Rxd8 35. Bxd8 Nc5 1/2-1/2

[Event "Bunratty Masters 2009"]
[Site "Bunratty IRL"]
[Date "2009.02.21"]
[Round "2"]
[White "McPhillips, Karl"]
[Black "Williams, Simon"]
[Result "0-1"]
[BlackTitle "GM"]
[WhiteElo "2220"]
[BlackElo "2507"]
[WhiteICU "2297"]
[WhiteClub "T.C.D."]
[WhiteNationality "IRL"]
[BlackNationality "ENG"]
[WhiteFideId "2501503"]
[BlackFideId "404454"]
[PlyCount "90"]
[EventDate "2009.02.20"]
[Source "TWIC 746"]

{ Event information: <a
href="http://www.irlchess.com/bunratty2009_allfiles/pairings_bunratty2009.html">Tournament
report</a>. }

1. d4 e6 2. c4 b6 3. e4 Bb7 4. Nc3 Bb4 5. f3 f5 6. exf5 Nh6 7. fxe6 Nf5 8.
Bf4 dxe6 9. Ne2 O-O 10. Qd2 Qh4+ 11. g3 Qf6 12. Bg2 Nc6 13. O-O-O Na5 14.
Qd3 c5 15. d5 b5 16. Ne4 Qg6 17. dxe6 bxc4 18. Qc2 Qxe6 19. a3 Qa6 20. Bh3
Nd4 21. Nxd4 cxd4 22. Kb1 d3 23. Qa4 Be7 24. Qd7 Bxe4 25. fxe4 Kh8 26. Be5
Bf6 27. Qd6 Qb5 28. Bxf6 gxf6 29. Qd7 Rab8 30. Qxb5 Rxb5 31. Bd7 Rb7 32.
Ba4 Rfb8 33. b4 Rxb4+ 34. axb4 Rxb4+ 35. Kc1 Rxa4 36. Kd2 Ra2+ 37. Ke3 Nb3
38. Rb1 Re2+ 39. Kf4 a5 40. Kf5 Kg7 41. Rhf1 a4 42. Rf4 a3 43. Rg4+ Kf7 44.
Rh4 Rf2+ 45. Kg4 a2 0-1

[Event "Bunratty Masters 2009"]
[Site "Bunratty IRL"]
[Date "2009.02.21"]
[Round "2"]
[White "Mendelson, Andrew"]
[Black "Sreeves, Clement"]
[Result "1-0"]
[WhiteElo "2114"]
[BlackElo "1982"]
[WhiteClub "Dublin"]
[WhiteNationality "RSA"]
[BlackNationality "SCO"]
[WhiteFideId "14300109"]
[BlackFideId "2402564"]
[PlyCount "75"]
[EventDate "2009.02.20"]
[Source "TWIC 746"]

{ Event information: <a
href="http://www.irlchess.com/bunratty2009_allfiles/pairings_bunratty2009.html">Tournament
report</a>. }

1. d4 f5 2. Bg5 h6 3. Bh4 g5 4. Bg3 Nf6 5. e3 Bg7 6. Bd3 d6 7. h4 g4 8. Ne2
O-O 9. Nf4 Nc6 10. c3 e6 11. Qb3 Na5 12. Qc2 Qe8 13. h5 Bd7 14. Nd2 e5 15.
dxe5 dxe5 16. Ng6 f4 17. Nxf8 fxg3 18. Nxd7 gxf2+ 19. Kxf2 Qxd7 20. Bf5 Qe7
21. Raf1 Rd8 22. Ke2 Kh8 23. e4 Qc5 24. g3 Nc4 25. Nxc4 Qxc4+ 26. Kf2 Qc5+
27. Kg2 Qe3 28. Rd1 Qf3+ 29. Kh2 Rxd1 30. Rxd1 Bf8 31. Rd8 Kg7 32. Qg2 Qe3
33. Qd2 Qf3 34. Rd7+ Kh8 35. Rf7 Bg7 36. Rxf6 Bxf6 37. Qxh6+ Kg8 38. Be6#
1-0

[Event "Bunratty Masters 2009"]
[Site "Bunratty IRL"]
[Date "2009.02.21"]
[Round "2"]
[White "Pein, Malcolm"]
[Black "Orr, Mark J. L."]
[Result "1-0"]
[WhiteTitle "IM"]
[BlackTitle "IM"]
[WhiteElo "2391"]
[BlackElo "2249"]
[BlackICU "2187"]
[BlackClub "Wandering Dragons SCO"]
[WhiteNationality "ENG"]
[BlackNationality "IRL"]
[WhiteFideId "400289"]
[BlackFideId "2500035"]
[PlyCount "84"]
[EventDate "2009.02.20"]
[Source "TWIC 746"]

{ Event information: <a
href="http://www.irlchess.com/bunratty2009_allfiles/pairings_bunratty2009.html">Tournament
report</a>. }

1. d4 Nf6 2. c4 e6 3. Nc3 c5 4. d5 exd5 5. cxd5 d6 6. e4 g6 7. f4 Bg7 8.
Bb5+ Nfd7 9. Nf3 O-O 10. O-O a6 11. Bd3 b5 12. a3 c4 13. Bc2 Nc5 14. f5
Nbd7 15. Kh1 Ne5 16. Bg5 f6 17. Bh4 Ned3 18. b4 Nd7 19. Bxd3 cxd3 20. Qxd3
Ne5 21. Nxe5 dxe5 22. Bf2 gxf5 23. exf5 Bb7 24. Bc5 Rf7 25. Rad1 Rd7 26. d6
Qc8 27. Nd5 Qc6 28. Rf2 Qxd5 29. Qxd5+ Bxd5 30. Rxd5 Rc8 31. g4 Kf7 32. Kg2
Rg8 33. Kf3 Bf8 34. Rg2 h5 35. h4 hxg4+ 36. Rxg4 Rh8 37. Ke4 Bh6 38. Rd1
Rc8 39. Kd5 Bf8 40. Rgg1 Bh6 41. h5 Bf8 42. Rh1 Bh6 1-0

[Event "Bunratty Masters 2009"]
[Site "Bunratty IRL"]
[Date "2009.02.21"]
[Round "2"]
[White "Svidler, Peter"]
[Black "Baker, Chris W."]
[Result "1-0"]
[WhiteTitle "GM"]
[BlackTitle "IM"]
[WhiteElo "2723"]
[BlackElo "2351"]
[WhiteNationality "RUS"]
[BlackNationality "ENG"]
[WhiteFideId "4102142"]
[BlackFideId "401676"]
[PlyCount "63"]
[EventDate "2009.02.20"]
[Source "TWIC 746"]

{ Event information: <a
href="http://www.irlchess.com/bunratty2009_allfiles/pairings_bunratty2009.html">Tournament
report</a>. }

1. e4 c5 2. Nf3 d6 3. d4 cxd4 4. Nxd4 Nf6 5. Nc3 a6 6. h3 b5 7. g4 Bb7 8.
Bg2 e6 9. O-O b4 10. Nd5 exd5 11. exd5 Be7 12. g5 Nfd7 13. Nc6 Qc7 14. Nxe7
Kxe7 15. Qd4 Ne5 16. f4 Qc4 17. Qe3 Nd7 18. fxe5 Nxe5 19. Rf4 Qxc2 20. Bd2
Rac8 21. Raf1 Rhf8 22. Bxb4 Kd7 23. Be4 Qc7 24. Bf5+ Kd8 25. Bxc8 Bxc8 26.
Rc1 Qb8 27. Ba5+ Ke7 28. Rb4 Qa8 29. Rc7+ Bd7 30. Rbb7 Rd8 31. Bb4 f6 32.
Bxd6+ 1-0

[Event "Bunratty Masters 2009"]
[Site "Bunratty IRL"]
[Date "2009.02.21"]
[Round "2"]
[White "Wall, Gavin"]
[Black "Heidenfeld, Mark"]
[Result "1/2-1/2"]
[WhiteTitle "IM"]
[BlackTitle "IM"]
[WhiteElo "2302"]
[BlackElo "2367"]
[WhiteICU "2280"]
[BlackICU "2391"]
[WhiteNationality "IRL"]
[BlackNationality "IRL"]
[WhiteFideId "2501244"]
[BlackFideId "2500990"]
[PlyCount "100"]
[EventDate "2009.02.20"]
[Source "TWIC 746"]

{ Event information: <a
href="http://www.irlchess.com/bunratty2009_allfiles/pairings_bunratty2009.html">Tournament
report</a>. }

1. e4 e6 2. d4 d5 3. e5 c5 4. c3 Bd7 5. Nf3 Qb6 6. a3 a5 7. b3 Na6 8. Bd3
Rc8 9. O-O cxd4 10. Nxd4 Bc5 11. Be3 Ne7 12. Nd2 Nf5 13. Bxf5 exf5 14. b4
axb4 15. axb4 Nxb4 16. Rb1 f4 17. Bxf4 Qa7 18. e6 fxe6 19. Qh5+ Kf8 20.
Nxe6+ Bxe6 21. cxb4 Bd4 22. Bd6+ Kg8 23. Rbe1 Bf7 24. Qf5 Rd8 25. Nf3 h6
26. Be5 Bxe5 27. Nxe5 b5 28. Nc6 Qd7 29. Ne7+ Kf8 30. Ng6+ Kg8 31. Qxd7
Rxd7 32. Nxh8 Kxh8 33. Re5 d4 34. Rxb5 d3 35. Ra5 d2 36. Raa1 Bb3 37. Rfd1
Rd4 38. f3 Bxd1 39. Rxd1 Rxb4 40. Rxd2 Kh7 41. Kf2 h5 42. Kg3 h4+ 43. Kh3
g5 44. Rf2 Kg6 45. f4 Kf5 46. fxg5+ Kxg5 47. Rf3 Ra4 48. Rb3 Rc4 49. Rb5+
Kg6 50. Rb8 Kg7 1/2-1/2

[Event "Bunratty Masters 2009"]
[Site "Bunratty IRL"]
[Date "2009.02.21"]
[Round "2"]
[White "Wells, Peter K."]
[Black "Wallace, Paul"]
[Result "1-0"]
[WhiteTitle "GM"]
[WhiteElo "2513"]
[BlackElo "2254"]
[BlackICU "2207"]
[BlackClub "Lichfield ENG"]
[WhiteNationality "ENG"]
[BlackNationality "IRL"]
[WhiteFideId "400327"]
[BlackFideId "2500892"]
[PlyCount "81"]
[EventDate "2009.02.20"]
[Source "TWIC 746"]

{ Event information: <a
href="http://www.irlchess.com/bunratty2009_allfiles/pairings_bunratty2009.html">Tournament
report</a>. }

1. d4 Nf6 2. c4 d6 3. Nc3 Bf5 4. Nf3 Nbd7 5. g3 c6 6. Bg2 h6 7. d5 c5 8.
Nh4 Bh7 9. f4 Rg8 10. O-O g5 11. Nf3 gxf4 12. Bxf4 Bg7 13. Qd2 Qb6 14. Bh3
h5 15. Rae1 Ng4 16. e4 Nde5 17. Bxg4 hxg4 18. Nxe5 dxe5 19. Be3 Rc8 20. Qf2
Bg6 21. Rd1 a6 22. Na4 Qf6 23. Qxf6 Bxf6 24. d6 Rd8 25. Nxc5 Rxd6 26. Nxb7
Rd7 27. Nc5 Rc7 28. b4 Rxc5 29. Bxc5 Bxe4 30. Bb6 Kf8 31. Rd8+ Kg7 32.
Rxg8+ Kxg8 33. Rd1 Bf3 34. Rd8+ Kg7 35. b5 axb5 36. cxb5 e6 37. Rd7 e4 38.
Be3 Be5 39. b6 Kg6 40. b7 f5 41. Bf4 1-0

[Event "Bunratty Masters 2009"]
[Site "Bunratty IRL"]
[Date "2009.02.21"]
[Round "2"]
[White "Yurenok, Maria"]
[Black "Heinrich, Jan"]
[Result "1/2-1/2"]
[WhiteTitle "WFM"]
[WhiteElo "2035"]
[BlackElo "2133"]
[WhiteNationality "ENG"]
[BlackNationality "SVK"]
[WhiteFideId "409359"]
[BlackFideId "14902060"]
[PlyCount "48"]
[EventDate "2009.02.20"]
[Source "TWIC 746"]

{ Event information: <a
href="http://www.irlchess.com/bunratty2009_allfiles/pairings_bunratty2009.html">Tournament
report</a>. }

1. d4 Nf6 2. Nf3 g6 3. Bg5 Bg7 4. Nbd2 O-O 5. e4 d6 6. Be2 c6 7. c3 h6 8.
Bf4 Bg4 9. O-O Nbd7 10. Qc2 Nh5 11. Be3 e5 12. h3 Bxf3 13. Nxf3 Nf4 14.
dxe5 dxe5 15. Rad1 Qe7 16. Rd2 Nxe2+ 17. Rxe2 Nc5 18. Rd1 Rfd8 19. Red2
Rxd2 20. Rxd2 b6 21. b4 Ne6 22. Qd1 Rd8 23. Rxd8+ Qxd8 24. Qxd8+ Nxd8
1/2-1/2

[Event "Bunratty Masters 2009"]
[Site "Bunratty IRL"]
[Date "2009.02.21"]
[Round "3"]
[White "Baburin, Alexander"]
[Black "Pein, Malcolm"]
[Result "1-0"]
[WhiteTitle "GM"]
[BlackTitle "IM"]
[WhiteElo "2541"]
[BlackElo "2391"]
[WhiteICU "2536"]
[WhiteClub "Kilkenny"]
[WhiteNationality "IRL"]
[BlackNationality "ENG"]
[WhiteFideId "2500914"]
[BlackFideId "400289"]
[PlyCount "74"]
[EventDate "2009.02.20"]
[Source "TWIC 746"]

{ Event information: <a
href="http://www.irlchess.com/bunratty2009_allfiles/pairings_bunratty2009.html">Tournament
report</a>. }

1. d4 Nf6 2. c4 c5 3. d5 d6 4. Nc3 g6 5. g3 Bg7 6. Bg2 O-O 7. Nf3 Na6 8.
O-O Nc7 9. e4 b5 10. cxb5 Rb8 11. e5 Ng4 12. exd6 exd6 13. a4 a6 14. Bg5
Qd7 15. Re1 Nf6 16. bxa6 Rxb2 17. a7 Bb7 18. Nd2 Ng4 19. Nde4 f5 20. Rb1
Rb4 21. Nxc5 dxc5 22. Rxb4 cxb4 23. Re7 Qd6 24. Nb5 Nxb5 25. Rxb7 Nc3 26.
Qe1 Ne5 27. Be7 Qa6 28. Bxf8 Bxf8 29. Qxe5 Ne2+ 30. Qxe2 Qxb7 31. Qe3 b3
32. a8=Q Qxa8 33. Qxb3 Bd6 34. h4 Qb8 35. Qxb8+ Bxb8 36. a5 Kf7 37. a6 Ke7
{ ... } 1-0

[Event "Bunratty Masters 2009"]
[Site "Bunratty IRL"]
[Date "2009.02.21"]
[Round "3"]
[White "Baker, Chris W."]
[Black "Wall, Gavin"]
[Result "1-0"]
[WhiteTitle "IM"]
[BlackTitle "IM"]
[WhiteElo "2351"]
[BlackElo "2302"]
[BlackICU "2280"]
[WhiteNationality "ENG"]
[BlackNationality "IRL"]
[WhiteFideId "401676"]
[BlackFideId "2501244"]
[PlyCount "99"]
[EventDate "2009.02.20"]
[Source "TWIC 746"]

{ Event information: <a
href="http://www.irlchess.com/bunratty2009_allfiles/pairings_bunratty2009.html">Tournament
report</a>. }

1. e4 e5 2. Nf3 d6 3. d4 exd4 4. Nxd4 Nf6 5. Nc3 Be7 6. Bf4 O-O 7. Qd2 Nc6
8. O-O-O Nxd4 9. Qxd4 Be6 10. f3 Nd7 11. Kb1 Nb6 12. g4 Qd7 13. h4 Bf6 14.
Qe3 Qc6 15. Bb5 Nc4 16. Bxc6 Nxe3 17. Bxe3 bxc6 18. Bd4 Be7 19. h5 a5 20.
Ne2 d5 21. Ng3 Rfd8 22. Be5 Rd7 23. Nf5 f6 24. Bc3 Bxf5 25. gxf5 h6 26. Rd3
a4 27. Rhd1 Rad8 28. a3 Bc5 29. Ba5 Kf7 30. Rc3 dxe4 31. Rxd7+ Rxd7 32.
fxe4 Bb6 33. Bxb6 cxb6 34. Rxc6 Rd4 35. Rxb6 Rxe4 36. Rb7+ Kf8 37. Rb4 Re5
38. Rxa4 Rxf5 39. Rh4 Ke7 40. b4 Kd6 41. Kb2 Rd5 42. Kb3 f5 43. c3 f4 44.
Rh1 Rg5 45. Rf1 Ke5 46. a4 g6 47. hxg6 Rxg6 48. a5 Ke4 49. b5 Ke3 50. a6
1-0

[Event "Bunratty Masters 2009"]
[Site "Bunratty IRL"]
[Date "2009.02.21"]
[Round "3"]
[White "Fox, Anthony"]
[Black "McPhillips, Karl"]
[Result "0-1"]
[WhiteElo "2085"]
[BlackElo "2220"]
[WhiteICU "2091"]
[BlackICU "2297"]
[WhiteClub "Dun Laoghaire"]
[BlackClub "T.C.D."]
[WhiteNationality "IRL"]
[BlackNationality "IRL"]
[WhiteFideId "2500736"]
[BlackFideId "2501503"]
[PlyCount "72"]
[EventDate "2009.02.20"]
[Source "TWIC 746"]

{ Event information: <a
href="http://www.irlchess.com/bunratty2009_allfiles/pairings_bunratty2009.html">Tournament
report</a>. }

1. e4 c5 2. Nc3 Nc6 3. g3 g6 4. Bg2 Bg7 5. d3 d6 6. Be3 Rb8 7. Qd2 b5 8.
Nge2 Nd4 9. O-O e6 10. Nd1 b4 11. Nc1 Qa5 12. a3 Ne7 13. Bxd4 cxd4 14. Nb3
Qc7 15. axb4 Nc6 16. Ra4 Bd7 17. f4 O-O 18. Nf2 Rfc8 19. Rfa1 Rb7 20. e5
dxe5 21. Nc5 Rb5 22. Nxd7 Qxd7 23. fxe5 Bxe5 24. Ne4 Qe7 25. c3 Rc7 26.
R1a2 a5 27. c4 Rxb4 28. Nf2 Bf6 29. Ne4 Be5 30. Nf2 Bf6 31. Ne4 Rxa4 32.
Nxf6+ Qxf6 33. Rxa4 Ne5 34. Rxa5 Qf5 35. Be4 Qxe4 36. dxe4 Nf3+ 0-1

[Event "Bunratty Masters 2009"]
[Site "Bunratty IRL"]
[Date "2009.02.21"]
[Round "3"]
[White "Heidenfeld, Mark"]
[Black "Cooper, Lawrence"]
[Result "1/2-1/2"]
[WhiteTitle "IM"]
[BlackTitle "IM"]
[WhiteElo "2367"]
[BlackElo "2313"]
[WhiteICU "2391"]
[WhiteNationality "IRL"]
[BlackNationality "ENG"]
[WhiteFideId "2500990"]
[BlackFideId "401536"]
[PlyCount "28"]
[EventDate "2009.02.20"]
[Source "TWIC 746"]

{ Event information: <a
href="http://www.irlchess.com/bunratty2009_allfiles/pairings_bunratty2009.html">Tournament
report</a>. }

1. e4 e5 2. Nf3 Nc6 3. Bb5 a6 4. Bxc6 dxc6 5. O-O Bd6 6. d4 exd4 7. Qxd4 f6
8. Be3 Ne7 9. Nbd2 Be6 10. Rfd1 Ng6 11. Nc4 Bxc4 12. Qxc4 Qe7 13. Re1 O-O-O
14. a4 Rhe8 1/2-1/2

[Event "Bunratty Masters 2009"]
[Site "Bunratty IRL"]
[Date "2009.02.21"]
[Round "3"]
[White "Heinrich, Jan"]
[Black "Daly, Justin"]
[Result "0-1"]
[WhiteElo "2133"]
[BlackElo "2003"]
[BlackICU "1895"]
[BlackClub "Kilkenny"]
[WhiteNationality "SVK"]
[BlackNationality "IRL"]
[WhiteFideId "14902060"]
[BlackFideId "2500841"]
[PlyCount "77"]
[EventDate "2009.02.20"]
[Source "TWIC 746"]

{ Event information: <a
href="http://www.irlchess.com/bunratty2009_allfiles/pairings_bunratty2009.html">Tournament
report</a>. }

1. d4 Nf6 2. c4 e6 3. Nf3 b6 4. g3 Ba6 5. Qc2 Bb7 6. Bg2 c5 7. O-O Be7 8.
Nc3 cxd4 9. Nxd4 Bxg2 10. Kxg2 O-O 11. e4 d6 12. b3 a6 13. Bb2 Qc7 14. Rac1
Nbd7 15. Qe2 Rac8 16. Rfd1 Rfd8 17. f4 Qb7 18. Qf3 Nc5 19. Re1 Qd7 20. Rcd1
Qc7 21. g4 Qb7 22. g5 Ne8 23. h4 Nc7 24. f5 b5 25. f6 Bf8 26. cxb5 axb5 27.
Rf1 b4 28. fxg7 Bxg7 29. Qxf7+ Kh8 30. Nd5 exd5 31. Nf5 Bxb2 32. g6 hxg6
33. Ne7 Rg8 34. h5 gxh5+ 35. Kh3 Rg7 36. Qf5 Rxe7 37. Rg1 N7e6 38. Rg6 Rh7
39. Rdg1 { ... } 0-1

[Event "Bunratty Masters 2009"]
[Site "Bunratty IRL"]
[Date "2009.02.21"]
[Round "3"]
[White "Hunt, Adam"]
[Black "Jones, Gawain"]
[Result "1/2-1/2"]
[WhiteTitle "IM"]
[BlackTitle "GM"]
[WhiteElo "2431"]
[BlackElo "2540"]
[WhiteNationality "ENG"]
[BlackNationality "ENG"]
[WhiteFideId "403970"]
[BlackFideId "409561"]
[PlyCount "82"]
[EventDate "2009.02.20"]
[Source "TWIC 746"]

{ Event information: <a
href="http://www.irlchess.com/bunratty2009_allfiles/pairings_bunratty2009.html">Tournament
report</a>. }

1. e4 e5 2. Nf3 Nc6 3. Bb5 a6 4. Ba4 Nf6 5. O-O Be7 6. Re1 b5 7. Bb3 d6 8.
c3 O-O 9. h3 Nb8 10. d4 Nbd7 11. Nbd2 Bb7 12. Bc2 c5 13. Nf1 cxd4 14. cxd4
exd4 15. Nxd4 d5 16. e5 Ne4 17. f3 Nec5 18. Ng3 g6 19. f4 Bh4 20. Qg4 Ne4
21. Bxe4 dxe4 22. Ndf5 Bxg3 23. Qxg3 Nc5 24. Nd6 Nd3 25. Re2 f5 26. Be3 Qc7
27. Rd1 Rad8 28. Bd4 Bd5 29. b3 Qg7 30. Rxd3 exd3 31. Qxd3 Be6 32. Qc3 g5
33. Rf2 Rd7 34. Qe3 g4 35. hxg4 Qxg4 36. Qf3 Qxf3 37. Rxf3 Rc7 38. a3 h5
39. Rh3 Rc1+ 40. Kh2 Rd1 41. Bc5 Kg7 { ... } 1/2-1/2

[Event "Bunratty Masters 2009"]
[Site "Bunratty IRL"]
[Date "2009.02.21"]
[Round "3"]
[White "McCabe, Darren"]
[Black "Oswald, David"]
[Result "1/2-1/2"]
[WhiteElo "2009"]
[BlackElo "1998"]
[WhiteICU "1897"]
[WhiteClub "Rathmines"]
[WhiteNationality "IRL"]
[BlackNationality "SCO"]
[WhiteFideId "2500760"]
[BlackFideId "2461285"]
[PlyCount "47"]
[EventDate "2009.02.20"]
[Source "TWIC 746"]

{ Event information: <a
href="http://www.irlchess.com/bunratty2009_allfiles/pairings_bunratty2009.html">Tournament
report</a>. }

1. a3 a6 2. e4 c5 3. Nf3 g6 4. d4 cxd4 5. Qxd4 Nf6 6. e5 Nh5 7. e6 Bg7 8.
exf7+ Kxf7 9. Qd5+ e6 10. Ng5+ Ke7 11. Qe4 Nf6 12. Qb4+ d6 13. Bf4 Nd5 14.
Bxd6+ Qxd6 15. Qxd6+ Kxd6 16. Nf7+ Kc5 17. Nxh8 Bxh8 18. c3 a5 19. Bd3 Nc6
20. Nd2 Ne5 21. Ne4+ Kc6 22. O-O-O b6 23. Be2 b5 24. Kb1 1/2-1/2

[Event "Bunratty Masters 2009"]
[Site "Bunratty IRL"]
[Date "2009.02.21"]
[Round "3"]
[White "McGowan, Daniel"]
[Black "Yurenok, Maria"]
[Result "1/2-1/2"]
[BlackTitle "WFM"]
[WhiteElo "2098"]
[BlackElo "2035"]
[WhiteNationality "SCO"]
[BlackNationality "ENG"]
[WhiteFideId "2401479"]
[BlackFideId "409359"]
[PlyCount "31"]
[EventDate "2009.02.20"]
[Source "TWIC 746"]

{ Event information: <a
href="http://www.irlchess.com/bunratty2009_allfiles/pairings_bunratty2009.html">Tournament
report</a>. }

1. e4 c5 2. c3 d5 3. exd5 Qxd5 4. d4 Nf6 5. Nf3 Bg4 6. Be2 e6 7. O-O Nc6 8.
Be3 cxd4 9. Nxd4 Bxe2 10. Qxe2 Nxd4 11. Bxd4 Be7 12. Nd2 O-O 13. Rfd1 Rfd8
14. Bxf6 Bxf6 15. Ne4 Qe5 16. Nxf6+ 1/2-1/2

[Event "Bunratty Masters 2009"]
[Site "Bunratty IRL"]
[Date "2009.02.21"]
[Round "3"]
[White "Orr, Mark J. L."]
[Black "Galligan, Brian"]
[Result "1/2-1/2"]
[WhiteTitle "IM"]
[WhiteElo "2249"]
[BlackElo "2041"]
[WhiteICU "2187"]
[BlackICU "1998"]
[WhiteClub "Wandering Dragons SCO"]
[WhiteNationality "IRL"]
[BlackNationality "IRL"]
[WhiteFideId "2500035"]
[BlackFideId "2501619"]
[PlyCount "90"]
[EventDate "2009.02.20"]
[Source "TWIC 746"]

{ Event information: <a
href="http://www.irlchess.com/bunratty2009_allfiles/pairings_bunratty2009.html">Tournament
report</a>. }

1. d4 Nf6 2. Nf3 d5 3. c4 e6 4. Bg5 Be7 5. Nc3 Nbd7 6. e3 O-O 7. Rc1 c6 8.
Bd3 dxc4 9. Bxc4 b5 10. Bd3 Bb7 11. O-O a6 12. a4 b4 13. Bxf6 Nxf6 14. Ne4
Rc8 15. Nxf6+ Bxf6 16. Be4 Qe7 17. Rc5 Qc7 18. Qc2 g6 19. Rc1 Be7 20. Rc4
c5 21. Bxb7 Qxb7 22. dxc5 Rc7 23. c6 Qb6 24. h3 Rfc8 25. Qe4 Qa5 26. b3 Qd5
27. Qxd5 exd5 28. R4c2 Bf6 29. Rc5 Bc3 30. Nd4 Bxd4 31. exd4 Kf8 32. Rxd5
Rxc6 33. Rdc5 Rxc5 34. dxc5 Ke7 35. Kf1 Ke6 36. Ke2 Rc6 37. Rc4 a5 38. Kd3
Kd5 39. Rd4+ Kxc5 40. Rc4+ Kd5 41. Rxc6 Kxc6 42. Kc4 f6 43. g3 h6 44. f3 h5
45. f4 g5 1/2-1/2